Calgary City Trivia - Statistics

General Stats
  • This quiz has been taken 62 times
    60 since last reset
  • The average score is 13 of 21
Answer Stats
Hint Answer % Correct
Province Calgary is located in Alberta
100%
Calgary's NHL team Calgary Flames
94%
Nearest national park Banff
91%
Famous July rodeo festival Calgary {Stampede}
87%
1988 event hosted by Calgary Winter Olympics
85%
Structure that somewhat resembles the Space Needle or the CN Tower Calgary Tower
83%
Canadian airline based at the above WestJet
79%
3-letter code of Calgary Intl. Airport YYC
79%
Two biggest rivers of Calgary Bow
77%
Nickname of Calgary {Cow}town
70%
Two biggest rivers of Calgary Elbow
66%
Of all major Canadian cities, Calgary gets the most annual _______ Sunlight
66%
Light rail system in Calgary CTrain
60%
Texas senator born in Calgary Ted Cruz
57%
Home stadium of the Stampeders CFL team {McMahon} Stadium
55%
Programming language created by Calgary-born James Gosling Java
49%
Nickname of wrestler Bret Hart The {Hitman}
43%
What many of Calgary's main artery roads are uniquely called Trails
36%
Conservation arm of the Calgary Zoo {Wilder} Institute
28%
"Country" home to the original Calgary Bay Scotland
23%
Officer who gave Calgary its name James {Macleod}
15%
No matching quizzes found
Score Distribution
Percent of People with Each Score
Percentile by Number Answered
Your Score History
You have not taken this quiz since the last reset